000 00945nam a22002897a 4500
003 CHAP
005 20220329135811.0
008 971013s1976 mx r 00010 spa d
010 _a42403
011 _a43375
035 _a47511
040 _cCHAP
082 0 4 _a636.0891
_bF7Y 1974
100 0 0 _aFrandson, R. D.
_943007
245 1 _aAnatomía y fisiología de los animales domésticos
260 _aMéxico, D.F. :
_bNueva Editorial Interamericana,
_c1976
300 _a461 p.
_b: ilus.
500 _aTrad. de la 2 ed. en inglés de 1974
590 _aBATCH-UPD
_b10
_c20130110
_lUCH01
_h0943
590 _aBATCH-UPD
_b10
_c20130410
_lUCH01
_h0558
590 _aBATCH-UPD
_b10
_c20130914
_lUCH01
_h0338
590 _aCONVERSION
_b10
_c20130109
_lUCH01
_h1323
650 1 4 _aAnimales domésticos
_xAnatomía y fisiología.
_95892
901 _aBK
942 _cLIBRO
949 _a636.0891 F7Y 1974
_bBC
_cLIBRO
_d-107965
_eLIBRO
_fc.2
_h60556
_i47511
_si
999 _c42403
_d42403